UBT Library

Foundations and clinical applications of nutrition : (Record no. 44622)

000 -LEADER
fixed length control field 00855cam a2200241 a 4500
001 - CONTROL NUMBER
control field 12104312
005 - DATE AND TIME OF LATEST TRANSACTION
control field 20180309084755.0
008 - FIXED-LENGTH DATA ELEMENTS--GENERAL INFORMATION
fixed length control field 000712s2000 enka 001 0 eng
010 ## - LIBRARY OF CONGRESS CONTROL NUMBER
LC control number 00269915
020 ## - INTERNATIONAL STANDARD BOOK NUMBER
International Standard Book Number 0323003907
040 ## - CATALOGING SOURCE
Original cataloging agency DLC
Transcribing agency DLC
Modifying agency DLC
041 ## - LANGUAGE CODE
Language code of text/sound track or separate title eng
042 ## - AUTHENTICATION CODE
Authentication code pcc
080 ## - UNIVERSAL DECIMAL CLASSIFICATION NUMBER
Universal Decimal Classification number 615.854
082 00 - DEWEY DECIMAL CLASSIFICATION NUMBER
Classification number 615.854 GRO
Edition number 21
100 1# - Rafti
Rafti 10
101 ## - Shkurtesa
Shkurtesa SHU
245 10 - TITLE STATEMENT
Title Foundations and clinical applications of nutrition :
Statement of responsibility, etc Michele Grodner, Sara Long Anderson, and Sandra DeYoung.
525 ## - SUPPLEMENT NOTE
Supplement note One computer optical disc in pocket attached to inside back cover.
906 ## - LOCAL DATA ELEMENT F, LDF (RLIN)
a 7
b cbc
c copycat
d 2
e ncip
f 20
g y-gencatlg
942 ## - ADDED ENTRY ELEMENTS (KOHA)
Source of classification or shelving scheme
Item type Books
Holdings
Withdrawn status Lost status Source of classification or shelving scheme Damaged status Not for loan Collection code Permanent location Current location Shelving location Date acquired Total Checkouts Full call number Barcode Date last seen Price effective from Koha item type
          Koleksioni i përgjithshem UBT - Lipjan UBT - Lipjan Koleksioni i përgjithshem 03/09/2018   615.854 GRO 002-3001516 03/09/2018 03/09/2018 Books
UBT Library © 2015-2024. All rights reserved University Education for Business and Technology